MARC

LEADER 00000nam0a2200000 4500
001 106644
005 20231031114955.0
010 |a 5936301362 
029 0 0 |a RU  |b 10-209-98  |c РД 
035 |a (RuTPU)RU\TPU\book\115157 
090 |a 106644 
100 |a 20061211d2001 k y0rusy50 ca 
101 0 |a rus 
102 |a RU 
105 |a y l 000zy 
200 1 |a Методические указания о порядке составления и форме паспорта сосуда, работающего под давлением  |e РД 10-209-98  |f Госгортехнадзор России 
210 |a СПб.  |c Деан  |d 2001 
215 |a 32 с. 
225 1 |a Безопасность труда России 
229 |a Утв. постановлением Госгортехнадзора России № 19 от 31.03.98 
610 1 |a сосуды 
610 1 |a сосуды высокого давления 
610 1 |a сосуды давления 
610 1 |a сосуды под давлением 
610 1 |a паспорта 
610 1 |a форма 
610 1 |a составление 
610 1 |a методические указания 
610 1 |a инструкции 
610 1 |a РД 10-209-98 
675 |a 621.642.3(083)  |v 3 
712 0 1 |a Российская Федерация  |b Федеральный горный и промышленный надзор России (Госгортехнадзор России)  |c (1992-2004)  |2 stltpush  |3 (RuTPU)RU\TPU\col\7022 
801 1 |a RU  |b 63413507  |c 20061211  |g PSBO 
801 2 |a RU  |b 63413507  |c 20221206  |g PSBO 
942 |c BK